00731nam a2200157Ia 4500008004100000100001400041245014400055245001400199260004400213260000900257300001000266650001300276856019200289999001900481952007300500170221s9999 xx 000 0 und d aTagoe NA. aWho Regulates the Mobile Money Operations by Telco ’s? The Need for an Effective and Robust Legislative and Regulatory Framework in Ghana cTagoe NA. bJournal of Business & Financial Affairs c2014 a9 : 1 xBusiness uhttp://www.omicsgroup.org/journals/who-regulates-the-mobile-money-operations-by-telco-s-the-needfor-an-effective-and-robust-legislative-and-regulatory-framework-ingh-2167-0234-1000208.pdf c313696d313696 001040aCLbCLd2017-02-21l0r2017-02-21 00:00:00w2017-02-21yFOJ